000 00244nam a2200097Ia 4500
001 964044
005 20250826220219.0
008 250824s9999 xx 000 0 und d
245 0 _aSARI KEHRİBAR
_cERDAL ÇAKICIOĞLU
260 _bAKVARYUM YAYINLARI
999 _c964044
_d964044